[Event "FRA-ch U16"]
[Site "Troyes"]
[Date "2010.04.14"]
[Round "5"]
[White "Netzer, Jacques"]
[Black "Fourcand, Pierre"]
[Result "1/2-1/2"]
[WhiteElo "2215"]
[BlackElo "2004"]
[PlyCount "92"]
[EventDate "2010.04.11"]
[EventType "swiss"]
[EventRounds "9"]
[EventCountry "FRA"]
[SourceTitle "EXT 2012"]
[Source "ChessBase"]
[SourceDate "2011.11.24"]
[SourceVersion "1"]
[SourceVersionDate "2011.11.24"]
[SourceQuality "1"]

1. e4 c5 2. Nf3 d6 3. d4 cxd4 4. Nxd4 Nf6 5. Nc3 a6 6. Be2 e5 7. Nb3 Be7 8. Be3 Be6 9. 0-0 0-0 10. Qd2 Nbd7 11. a4 Qc7 12. Rfd1 Rac8 13. a5 Rfd8 14. f3 Nc5 15. Nxc5 dxc5 16. Qe1 Rxd1 17. Qxd1 Rd8 18. Qf1 Rd4 19. Bxd4 cxd4 20. Nd1 Qxc2 21. Nf2 Nd7 22. Rc1 Qxb2 23. Rb1 Qa2 24. Rxb7 Qxa5 25. Ra7 g6 26. Rxa6 Qb4 27. Rc6 Nc5 28. Nd3 Nxd3 29. Bxd3 Bg5 30. g3 Be3+ 31. Kg2 Qd2+ 32. Qe2 Qa5 33. Ra6 Qc3 34. Rb6 Kg7 35. Qc2 Qxc2+ 36. Bxc2 d3 37. Rc6 dxc2 38. Rxc2 Bd4 39. Rc7 Kf6 40. h4 h5 41. Rb7 g5 42. hxg5+ Kxg5 43. Rb8 f5 44. exf5 Kxf5 45. Rf8+ Kg6 46. Re8 Bf7 1/2-1/2

[Event "FRA-ch U16"]
[Site "Troyes"]
[Date "2010.04.12"]
[Round "2"]
[White "Fourcand, Pierre"]
[Black "Romero, Vladimir"]
[Result "1-0"]
[WhiteElo "2004"]
[BlackElo "1813"]
[PlyCount "115"]
[EventDate "2010.04.11"]
[EventType "swiss"]
[EventRounds "9"]
[EventCountry "FRA"]
[SourceTitle "EXT 2012"]
[Source "ChessBase"]
[SourceDate "2011.11.24"]
[SourceVersion "1"]
[SourceVersionDate "2011.11.24"]
[SourceQuality "1"]

1. d4 d5 2. c4 Nc6 3. Nf3 Bg4 4. cxd5 Bxf3 5. gxf3 Qxd5 6. e3 e5 7. Nc3 Bb4 8. Bd2 Bxc3 9. bxc3 Qd6 10. Qb3 0-0-0 11. Rb1 b6 12. Qxf7 Nf6 13. Bh3+ Kb7 14. 0-0 e4 15. f4 g5 16. fxg5 Rhg8 17. Qe6 Rxg5+ 18. Kh1 Rh5 19. Qxd6 Rxd6 20. Bg2 Ng4 21. h3 Rdh6 22. Bxe4 Rxh3+ 23. Kg2 R3h4 24. Bf5 Ne7 25. Bxg4 Rxg4+ 26. Kf3 Rgh4 27. Rg1 Rf6+ 28. Ke2 Rh2 29. Rbf1 h5 30. Be1 Nf5 31. e4 Re6 32. Kd3 Nd6 33. e5 Rh3+ 34. Rg3 Rxg3+ 35. fxg3 Nb5 36. a4 Na3 37. Bf2 Rc6 38. Be3 Nc4 39. d5 Nxe5+ 40. Kd4 Rc4+ 41. Kxe5 Rxc3 42. Bf4 Ra3 43. Rc1 Rxa4 44. Kf5 a5 45. Rxc7+ Ka6 46. Be5 Ra3 47. d6 Rd3 48. d7 a4 49. Bf6 a3 50. d8Q Rxd8 51. Bxd8 b5 52. Be7 a2 53. Rc1 b4 54. Bxb4 Kb5 55. Bc3 Ka4 56. Ba1 Kb3 57. Rc3+ Kb4 58. Kg5 1-0

[Event "Corsica Masters op 13th"]
[Site "Bastia"]
[Date "2009.10.29"]
[Round "7"]
[White "Fourcand, Pierre"]
[Black "Humeau, Cyril"]
[Result "1/2-1/2"]
[WhiteElo "1968"]
[BlackElo "2171"]
[PlyCount "160"]
[EventDate "2009.10.25"]
[EventType "swiss"]
[EventRounds "9"]
[EventCountry "FRA"]
[SourceTitle "EXT 2010"]
[Source "ChessBase"]
[SourceDate "2010.11.25"]
[SourceVersion "1"]
[SourceVersionDate "2010.11.25"]
[SourceQuality "1"]

1. d4 e6 2. c4 Nf6 3. Nc3 d5 4. cxd5 exd5 5. Bg5 Be7 6. e3 c6 7. Qc2 Ne4 8. Bxe7 Qxe7 9. Nxd5 cxd5 10. Qxc8+ Qd8 11. Bb5+ Nc6 12. Bxc6+ bxc6 13. Qxd8+ Kxd8 14. Rc1 Kd7 15. Nf3 f6 16. Nd2 Nxd2 17. Kxd2 Rab8 18. b3 Rhe8 19. Rc5 Rb6 20. Ra5 Ra8 21. Rc1 Kd6 22. Kc3 a6 23. b4 Rab8 24. a3 Ra8 25. Rc5 Ra7 26. Kd3 Rc7 27. Ra5 Ra7 28. f3 f5 29. h3 Rf7 30. Ke2 Re7 31. Kd3 Rf7 32. Ke2 Re7 33. Kf2 g6 34. g4 fxg4 35. hxg4 Ra7 36. e4 dxe4 37. fxe4 Rb5 38. Rc5 Rf7+ 39. Ke3 Rb6 40. g5 Rf1 41. Ke2 Rg1 42. d5 cxd5 43. Rxd5+ Ke6 44. Re5+ Kf7 45. Rac5 Rb7 46. Rc6 Ra7 47. Ra5 Re7 48. Kf2 Rg4 49. Rcxa6 Rgxe4 50. Rf6+ Kg7 51. Rf3 Re1 52. Kg2 R1e4 53. Rc5 Re1 54. b5 Rb1 55. Rf1 Rb2+ 56. Rf2 Rb3 57. a4 Ra3 58. Rfc2 Rxa4 59. b6 Rb4 60. Rc7 Kf7 61. Rxe7+ Kxe7 62. Rc7+ Kd6 63. Rxh7 Rxb6 64. Rf7 Ke5 65. Rf6 Rxf6 66. gxf6 Kxf6 67. Kf2 Ke5 68. Kg3 Kf5 69. Kf3 g5 70. Kg3 g4 71. Kg2 Kg5 72. Kg3 Kh5 73. Kg2 Kh4 74. Kh2 g3+ 75. Kg2 Kg4 76. Kg1 Kg5 77. Kg2 Kf4 78. Kg1 Kf3 79. Kf1 g2+ 80. Kg1 Kg3 1/2-1/2

[Event "Avoine op 24th"]
[Site "Avoine"]
[Date "2009.07.23"]
[Round "6"]
[White "Fourcand, Pierre"]
[Black "Blivet, Daniel"]
[Result "0-1"]
[WhiteElo "1989"]
[BlackElo "1818"]
[PlyCount "116"]
[EventDate "2009.07.18"]
[EventType "swiss"]
[EventRounds "9"]
[EventCountry "FRA"]
[SourceTitle "CBM 131 Extra"]
[Source "ChessBase"]
[SourceDate "2009.09.03"]
[SourceVersion "2"]
[SourceVersionDate "2009.09.16"]
[SourceQuality "1"]

1. e4 d6 2. d4 Nf6 3. Nc3 g6 4. Nf3 Bg7 5. h3 0-0 6. Be2 a5 7. 0-0 Na6 8. Be3 Nd7 9. Qd2 c5 10. dxc5 Naxc5 11. Bd4 Ne6 12. Bxg7 Kxg7 13. Nd4 Ndc5 14. Ndb5 Bd7 15. Rfd1 Bc6 16. Qe3 Qb6 17. Nd5 Bxd5 18. exd5 Nc7 19. Nxc7 Qxc7 20. Qd4+ Kg8 21. c3 Rad8 22. h4 e5 23. dxe6 Nxe6 24. Qc4 Qxc4 25. Bxc4 Nc7 26. Bd5 b6 27. Bf3 Rfe8 28. g3 Re5 29. Rd2 Kf8 30. Rad1 Ke7 31. Bg2 g5 32. hxg5 Rxg5 33. Rd4 Ne6 34. Rd5 Re5 35. Kf1 Nc7 36. R5d4 Ne6 37. Rh4 Rb5 38. b3 Rc5 39. c4 b5 40. cxb5 Rxb5 41. Rxh7 Rc8 42. Rd2 Re5 43. Bd5 Rc5 44. Bxe6 Rxe6 45. Rh4 Kd7 46. Rhd4 Kc6 47. f4 d5 48. Kf2 f5 49. Kg2 Re4 50. R4d3 Kd6 51. Kh3 Ke6 52. Kh4 Re1 53. Kg5 Rc8 54. Kg6 Rg8+ 55. Kh7 Kf7 56. Rh2 Ree8 57. Kh6 Re6+ 58. Kh5 Reg6 0-1

[Event "FRA-ch op-A"]
[Site "Pau"]
[Date "2008.08.14"]
[Round "3"]
[White "Fourcand, Pierre"]
[Black "Brongers, Henk"]
[Result "1/2-1/2"]
[WhiteElo "1933"]
[BlackElo "2070"]
[PlyCount "42"]
[EventDate "2008.08.11"]
[EventType "swiss"]
[EventRounds "9"]
[EventCountry "FRA"]
[SourceTitle "CBM 126 Extra"]
[Source "ChessBase"]
[SourceDate "2008.11.05"]
[SourceVersion "1"]
[SourceVersionDate "2008.11.05"]
[SourceQuality "1"]

1. d4 Nf6 2. Nf3 g6 3. c4 Bg7 4. Nc3 d6 5. e4 0-0 6. Be2 e5 7. 0-0 Na6 8. Re1 c6 9. h3 Re8 10. Bf1 exd4 11. Nxd4 Nc5 12. f3 a5 13. Be3 Nh5 14. Qd2 Ng3 15. Nde2 Nxf1 16. Rxf1 Be6 17. b3 Qe7 18. Bd4 Rad8 19. Bxg7 Kxg7 20. Qd4+ f6 21. Rfe1 Bf7 1/2-1/2

[Event "Calvi Balagne op 05th"]
[Site "Calvi"]
[Date "2008.04.09"]
[Round "6"]
[White "Fourcand, Pierre"]
[Black "Gazvoda, Franc"]
[Result "1/2-1/2"]
[WhiteElo "1897"]
[BlackElo "2070"]
[PlyCount "59"]
[EventDate "2008.04.06"]
[EventType "swiss"]
[EventRounds "9"]
[EventCountry "FRA"]
[SourceTitle "CBM 123 Extra"]
[Source "ChessBase"]
[SourceDate "2008.05.06"]
[SourceVersion "1"]
[SourceVersionDate "2008.05.06"]
[SourceQuality "1"]

1. e4 c5 2. c3 d5 3. exd5 Qxd5 4. d4 cxd4 5. cxd4 Nc6 6. Nf3 Bg4 7. Be2 e6 8. Nc3 Qa5 9. h3 Bh5 10. d5 Rd8 11. Bd2 exd5 12. Nd4 Nxd4 13. Bxh5 Nf6 14. Bg5 Ne6 15. Bxf6 gxf6 16. 0-0 Bg7 17. Qg4 0-0 18. Ne2 d4 19. Ng3 Qg5 20. Qe4 f5 21. Qxf5 Qxf5 22. Nxf5 Nf4 23. Bf3 Bf6 24. Rad1 Rd7 25. Rd2 Rfd8 26. Rfd1 Kf8 27. Kh2 a5 28. g3 Ne6 29. Be4 Ng7 30. Nxg7 1/2-1/2